000 006740000a22001810004500
003 MACL
005 20160531134817.0
008 160531b xxu||||| |||| 00| 0 eng d
040 _aMACL
_cMACL
041 _aHindi
082 _a900 BAR
100 _aबरनवाल, गणेशप्रसाद
_961015
245 _aस्‍वाधीनता संग्राम से सत्‍ता हस्‍तान्‍तरण
_cगणेशप्रसाद बरनवाल
260 _bआत्‍माराम एण्‍ड संस
_c1999
_aनई दिल्‍ली
350 _a375
650 _aHistory
_961016
942 _cHIN
_k900
_2ddc
999 _c9759
_d9759